000 00237nam a2200085Ia 4500
245 0 _aThe silence of the rain
100 _a GARCIA-ROZA, Luiz Alfredo London, 2003
_978273
942 _cBK
008 210817s9999 xx 000 0 und d
999 _c270173
_d270172